La Prensa : Primera Semana Internacional de Prensa : Barcelona - Sitges, 1963 Primera Semana Internacional de Prensa :
Descripción Física:
549 p. ; 27 cm
Materias:
Premsa -- Congressos
MARC
| LEADER | 00000nam a2200000Ia 4500 | ||
|---|---|---|---|
| 001 | 1589 | ||
| 008 | 160829s9999 xx 000 0 cat d | ||
| 080 | |a O-1-13 | ||
| 100 | |a Semana Internacional de Prensa (1a : 1963 : Barcelona-Sitges) |9 28260 | ||
| 245 | |a La Prensa : |b Primera Semana Internacional de Prensa : |b Barcelona - Sitges, 1963 | ||
| 260 | |a [Barcelona] : |b Instituto de Ciencias Sociales. Diputación Provincial de Barcelona, [1963] | ||
| 300 | |a 549 p. ; |c 27 cm | ||
| 590 | |a Hi ha un duplicat: DUP-37 | ||
| 650 | |a Premsa |x Congressos |9 23559 | ||
| 710 | 2 | |a Instituto de Ciencias Sociales (Barcelona, Catalunya) |9 54508 | |
| 901 | |a Arxiu | ||
| 942 | |n 1 | ||
| 952 | |0 0 |1 0 |4 0 |6 O113 |7 1 |9 44745 |a Arxiu |b Arxiu |d 2016-12-01 |l 0 |o O-1-13 |p 1589 |r 2016-12-01 00:00:00 |w 2016-12-01 |y ARXIU | ||
| 999 | |c 47327 |d 47327 | ||